[Event "83rd ESP-ch Women-ch 2018"]
[Site "Linares"]
[Date "2018.08.28"]
[Round "9"]
[White "Balbuena Fuentes, Mario"]
[Black "Anton Guijarro, David"]
[Result "0-1"]
[WhiteElo "2306"]
[BlackElo "2652"]
[Annotator "TA"]
[EventDate "2018.08.09"]
[PlyCount "90"]
[EventType "tourn"]
[EventCountry "ESP"]

1. e4 e5 2. Nf3 Nc6 3. Bb5 a6 4. Ba4 Nf6 5. O-O Be7 6. d3 d6 7. c3 O-O 8.
Re1 Nd7 9. d4 Bf6 10. Bb3 Re8 $146 11. a4 a5 12. Na3 Nf8 13. h3 Ng6 14. Nc4
h6 15. dxe5 Ncxe5 16. Nfxe5 Nxe5 17. Nxe5 Bxe5 18. f4 Bf6 19. Qh5 Be6 20.
Bxe6 Rxe6 $15 21. Bd2 c6 22. Re2 Qb6+ $1 23. Be3 Qb3 24. Bf2 Qc4 25. Rae1
Qxa4 26. f5 Re7 $17 27. Bg3 Be5 28. Re3 Qc4 29. Bxe5 Rxe5 30. Rg3 Kh7 31.
Ree3 Rg8 32. Kh2 Re7 33. f6 Re5 34. Qf3 g6 $19 35. Rg4 Qe6 36. Rd3 g5 37.
h4 Rg6 38. hxg5 hxg5 39. Rg3 Qxf6 40. Rh3+ Kg8 41. Qh5 g4 42. Qh7+ Kf8 43.
Rh4 $2 Rxe4 44. Rg3 d5 45. Qh5 b5 0-1

[Event "83rd ESP-ch Women-ch 2018"]
[Site "Linares"]
[Date "2018.08.28"]
[Round "9"]
[White "Moral Garcia, Serafin"]
[Black "Garcia Vicente, Nieves"]
[Result "1/2-1/2"]
[WhiteElo "2287"]
[BlackElo "2181"]
[TimeControl "40/5400+30:1800+30"]
[Annotator "RC"]
[EventDate "2018.08.09"]
[PlyCount "109"]
[EventType "tourn"]
[EventCountry "ESP"]

1. e4 e5 2. Nf3 Nc6 3. Bb5 Nf6 4. Qe2 Bc5 5. c3 O-O 6. O-O Re8 7. d3 a6 8.
Ba4 h6 9. Be3 Bf8 10. Rd1 d5 11. h3 Bd7 12. Bb3 Be6 13. Nbd2 Qd7 14. Nf1
Rad8 15. g4 Qc8 16. Ng3 dxe4 17. dxe4 Bxb3 18. axb3 Rxd1+ 19. Rxd1 Rd8 20.
Rd3 Rxd3 21. Qxd3 Qd7 22. Ne1 Qxd3 23. Nxd3 Nd7 24. Kf1 Be7 25. Ke2 Na5 26.
b4 Nc4 27. Nf5 Bg5 28. Bxg5 hxg5 29. b3 Nd6 30. f3 Kf8 31. Ne3 c6 32. Nc5
Ke7 33. Kd3 f6 34. Nf5+ Nxf5 35. gxf5 Nxc5+ 36. bxc5 Kd7 37. Kc4 Kc8 38.
Kb4 Kd7 39. Ka5 Kc7 40. c4 Kc8 41. Kb6 Kb8 42. b4 Kc8 43. b5 axb5 44. cxb5
cxb5 45. Kxb5 Kc7 46. Kb4 b6 47. Kb5 bxc5 48. Kxc5 Kd7 49. Kd5 Ke7 50. Kc6
Ke8 51. Kc7 Ke7 52. Kc6 Ke8 53. Kd6 Kd8 54. Ke6 Ke8 55. Kd6 1/2-1/2

[Event "83rd ESP-ch Women-ch 2018"]
[Site "Linares"]
[Date "2018.08.28"]
[Round "9"]
[White "Jimenez Bernal, Francisco"]
[Black "Comellas Martos, Lidia"]
[Result "1-0"]
[WhiteElo "2250"]
[BlackElo "2001"]
[TimeControl "40/5400+30:1800+30"]
[Annotator "RC"]
[EventDate "2018.08.09"]
[PlyCount "111"]
[EventType "tourn"]
[EventCountry "ESP"]

1. c4 e5 2. Nc3 Nf6 3. Nf3 d6 4. d4 Nbd7 5. e4 g6 6. Be2 Bg7 7. O-O O-O 8.
Re1 c6 9. Rb1 h6 10. Bf1 Nh7 11. dxe5 dxe5 12. Qd6 Re8 13. Be3 Bf8 14. Qd2
h5 15. Red1 Qc7 16. b4 Be7 17. c5 Ndf8 18. h3 a6 19. Qb2 Be6 20. Na4 f6 21.
Nb6 Rad8 22. Nd2 g5 23. Qc2 g4 24. hxg4 Bxg4 25. f3 Be6 26. Bc4 Kh8 27. Kf2
Bxc4 28. Qxc4 Ng6 29. g3 Rg8 30. Rh1 h4 31. gxh4 Nf4 32. Bxf4 exf4 33. Nb3
Rg3 34. Qc3 Rdg8 35. Rbg1 Bf8 36. Nc1 Rxg1 37. Rxg1 Rxg1 38. Kxg1 Qg7+ 39.
Kf1 Qg3 40. Ke2 Qxh4 41. Nc4 Bg7 42. Qd3 Qh2+ 43. Kd1 Ng5 44. Nd2 Qg1+ 45.
Kc2 Qf2 46. Ne2 Qe3 47. Nd4 Qf2 48. Nf5 Bf8 49. Qd8 Nh7 50. Qb8 Kg8 51.
Qxb7 Ng5 52. Qxc6 Nxf3 53. Qe6+ Kh8 54. Qxf6+ Kg8 55. Qg6+ Kh8 56. Qh5+ 1-0

[Event "83rd ESP-ch Women-ch 2018"]
[Site "Linares"]
[Date "2018.08.28"]
[Round "9"]
[White "Tudela Corbalan, Carlos"]
[Black "Montero Melendez, Rafael"]
[Result "1/2-1/2"]
[WhiteElo "2246"]
[BlackElo "2367"]
[Annotator "TA"]
[EventDate "2018.08.09"]
[PlyCount "122"]
[EventType "tourn"]
[EventCountry "ESP"]

1. f4 g6 2. Nf3 Bg7 3. g3 c5 4. Bg2 Nc6 5. c3 d6 6. d3 e5 7. O-O h6 $146 8.
Na3 Be6 9. e4 Nge7 10. Be3 exf4 11. Bxf4 O-O 12. Kh1 d5 $1 $15 13. Qe2 g5
14. Bxg5 $14 dxe4 15. dxe4 hxg5 16. Nxg5 Bh6 17. Nxe6 fxe6 18. Qg4+ Kh7 19.
Qxe6 Qd3 20. Rfd1 Qe2 $1 $36 21. Rd7 $2 Rf2 $1 $19 22. Rxe7+ Nxe7 23. Qxe7+
Bg7 24. Rg1 $2 Raf8 $1 25. h3 Qxb2 $2 26. Nc4 Qxc3 27. Qh4+ Kg8 28. e5 $1
Qd4 29. Be4 Re8 30. Qg4 Rxe5 $2 31. Nxe5 $18 Qxe5 32. Rd1 Rf8 $2 33. Bd5+
Kh7 34. Be4+ $2 Kg8 35. Bd5+ Kh7 36. Qh4+ Bh6 $16 37. Bxb7 Rf7 38. Be4+ Kg7
39. Qg4+ $1 Qg5 40. Qxg5+ Bxg5 41. Kg2 Be3 42. Rf1 Rd7 43. Kf3 Bd4 44. Rc1
Rf7+ 45. Kg4 Rf2 46. Bd5 Kf6 47. Re1 Be5 48. h4 Rd2 49. Rf1+ $1 Ke7 50. Be4
c4 51. Rc1 c3 52. Rc2 Rd4 $1 53. Kf3 Bxg3 $1 54. Kxg3 Rxe4 55. Rxc3 $11 Ra4
56. Rc2 Kf6 57. Rf2+ Kg6 58. Rh2 Kf5 59. Rf2+ Kg6 60. Rh2 Kf5 61. Rf2+ Ke5
$2 1/2-1/2

[Event "83rd ESP-ch Women-ch 2018"]
[Site "Linares"]
[Date "2018.08.28"]
[Round "9"]
[White "Silva Rodriguez, Fernando"]
[Black "Perez Beltran, Salvador"]
[Result "1-0"]
[WhiteElo "2239"]
[BlackElo "2018"]
[TimeControl "40/5400+30:1800+30"]
[Annotator "NA RC"]
[EventDate "2018.08.09"]
[PlyCount "63"]
[EventType "tourn"]
[EventCountry "ESP"]

1. e4 c6 2. d4 d5 3. Nd2 dxe4 4. Nxe4 Bf5 5. Ng3 Bg6 $1 6. Nh3 e6 7. Nf4
Qh4 8. c3 Bd6 9. Ngh5 Bxh5 10. Nxh5 $146 Nf6 11. Nxf6+ Qxf6 12. Qb3 b6 13.
Be2 O-O 14. Bf3 e5 15. Be3 exd4 16. cxd4 Na6 17. O-O Rfd8 18. Kh1 Nb4 19.
Rfc1 Be7 20. Rc4 Nd5 21. Rac1 Rac8 22. Qc2 Nb4 23. Qb3 Nd5 24. Qc2 Nb4 25.
Qb3 c5 $11 26. R4c3 Na6 27. Qa4 b5 28. Qa5 b4 29. R3c2 cxd4 30. Rxc8 dxe3
31. Rxd8+ Bxd8 32. Rc8 1-0

[Event "83rd ESP-ch Women-ch 2018"]
[Site "Linares"]
[Date "2018.08.28"]
[Round "9"]
[White "Sanchez Vigon, David"]
[Black "Ramos Saavedra, Mario"]
[Result "1-0"]
[WhiteElo "2220"]
[BlackElo "1981"]
[TimeControl "40/5400+30:1800+30"]
[Annotator "NA RC"]
[EventDate "2018.08.09"]
[PlyCount "45"]
[EventType "tourn"]
[EventCountry "ESP"]

1. e4 c5 2. Nc3 d6 3. f4 g6 4. Nf3 Bg7 5. Bc4 Nc6 6. O-O Nf6 7. d3 O-O 8.
Qe1 Bg4 9. Qh4 e6 $146 10. f5 d5 11. fxg6 $2 dxc4 12. gxh7+ Kh8 13. Bg5
Bxf3 $1 14. Rxf3 Qd4+ 15. Kh1 Nd7 16. Be3 Qe5 17. Raf1 f6 $2 18. Bf4 Qd4
19. Nb5 $1 Qxb2 20. Nc7 Nd4 $2 21. Rg3 Rac8 22. Qg4 Rf7 23. Bh6 1-0

[Event "83rd ESP-ch Women-ch 2018"]
[Site "Linares"]
[Date "2018.08.28"]
[Round "9"]
[White "Diaz Castro, Ismael"]
[Black "Garza Marco, Sergio"]
[Result "1-0"]
[WhiteElo "2212"]
[BlackElo "2414"]
[Annotator "TA"]
[EventDate "2018.08.09"]
[PlyCount "95"]
[EventType "tourn"]
[EventCountry "ESP"]

1. e4 Nf6 2. e5 Nd5 3. d4 d6 4. c4 Nb6 5. exd6 exd6 6. Nc3 Be7 7. Be3 O-O
8. Bd3 Nc6 9. b3 Bf6 10. Nge2 Bg4 11. Qd2 Re8 12. O-O Nb4 13. h3 Bh5 14.
Nf4 $146 Bg6 $1 15. Nxg6 Nxd3 16. Qxd3 hxg6 17. Ne4 d5 18. Nxf6+ Qxf6 19.
c5 Nd7 20. Rfe1 c6 21. b4 a6 22. a4 b5 23. Ra2 Rac8 24. axb5 axb5 25. Ra7
Nf8 26. Rea1 Re7 27. Ra8 Ree8 28. R8a7 Ne6 29. R1a6 Qf5 30. Qd2 Kf8 31. Kh2
g5 32. Qe2 g6 33. Qg4 Kg7 34. Rb6 Rh8 35. Qxf5 gxf5 36. Rbb7 Rhf8 37. f3
Rce8 38. Bf2 Nf4 39. Bg3 Ne2 40. Bd6 Nxd4 41. Bxf8+ Rxf8 $16 42. Rc7 Kf6
43. Ra1 f4 44. Rd1 Ke5 45. Re1+ Kf5 46. Rd1 Ke5 $14 47. Kg1 f6 $2 48. Re7+
1-0

[Event "83rd ESP-ch Women-ch 2018"]
[Site "Linares"]
[Date "2018.08.28"]
[Round "9"]
[White "Porta Tovar, Guillem"]
[Black "Ruiz Casado, Francisco Javier"]
[Result "0-1"]
[WhiteElo "2166"]
[BlackElo "1975"]
[TimeControl "40/5400+30:1800+30"]
[Annotator "RC"]
[EventDate "2018.08.09"]
[PlyCount "72"]
[EventType "tourn"]
[EventCountry "ESP"]

1. e4 e5 2. Nf3 Nc6 3. Bc4 Nf6 4. d3 Bc5 5. a4 a6 6. c3 Ba7 7. Nbd2 d6 8.
b4 O-O 9. O-O Ne7 10. b5 axb5 11. Bxb5 Ng6 12. Rb1 c6 13. Bc4 d5 14. exd5
cxd5 15. Bb5 e4 16. Nd4 Qc7 17. dxe4 dxe4 18. Nc4 Rd8 19. h3 Nh4 20. Kh1
Bxh3 21. gxh3 Nf3 22. Nxf3 Rxd1 23. Rxd1 exf3 24. Rd3 Ne4 25. Rxf3 Nxf2+
26. Kg2 Rd8 27. Bf4 Qe7 28. Ne5 Ne4 29. Bc4 Nd2 30. Nxf7 Nxc4 31. Nxd8 Qxd8
32. Rxb7 Ne3+ 33. Bxe3 Bxe3 34. Rb5 Qd2+ 35. Kg3 g5 36. Rb4 Bf4+ 0-1

[Event "83rd ESP-ch Women-ch 2018"]
[Site "Linares"]
[Date "2018.08.28"]
[Round "9"]
[White "Cuevas Fernandez, Jose Alberto"]
[Black "Calzetta Ruiz, Monica"]
[Result "1-0"]
[WhiteElo "2147"]
[BlackElo "2302"]
[TimeControl "40/5400+30:1800+30"]
[Annotator "NA RC"]
[EventDate "2018.08.09"]
[PlyCount "65"]
[EventType "tourn"]
[EventCountry "ESP"]

1. c4 c5 2. Nc3 Nc6 3. g3 g6 4. Bg2 Bg7 5. e3 e5 6. Nge2 Nge7 7. O-O O-O 8.
d3 d6 9. a3 Be6 10. Nd5 Qd7 11. Nec3 Kh8 $146 12. Rb1 Bh3 13. b4 Bxg2 14.
Kxg2 Nxd5 15. Nxd5 Ne7 16. bxc5 dxc5 17. e4 Nxd5 18. exd5 f5 19. f3 Rae8
20. Re1 b6 21. Bb2 h5 22. Qd2 Kh7 23. Re2 Rf7 24. Rbe1 Rfe7 25. Bc3 Qd6 26.
h4 b5 27. Qb2 bxc4 28. dxc4 Qa6 29. Bxe5 Qxc4 30. d6 Rxe5 31. Rxe5 Re6 32.
d7 Qd3 $2 33. Qe2 $18 1-0

[Event "83rd ESP-ch Women-ch 2018"]
[Site "Linares"]
[Date "2018.08.28"]
[Round "9"]
[White "Gomez Sanjuan, Hector Fernando"]
[Black "Castellanos Gomez, Alejandro"]
[Result "1-0"]
[WhiteElo "2146"]
[BlackElo "2320"]
[TimeControl "40/5400+30:1800+30"]
[Annotator "NA RC"]
[EventDate "2018.08.09"]
[PlyCount "55"]
[EventType "tourn"]
[EventCountry "ESP"]

1. d4 e6 2. c4 Nf6 3. Nf3 b6 4. a3 Bb7 5. Nc3 d5 6. cxd5 Nxd5 7. e3 Be7 8.
Bb5+ c6 9. Bd3 O-O 10. O-O c5 11. e4 Nc7 12. dxc5 Bxc5 13. Qe2 $146 Nc6 14.
Rd1 Qe8 15. e5 $1 f5 16. exf6 $1 gxf6 17. b4 $1 Be7 18. Nb5 Nxb5 19. Qxe6+
Kh8 20. Bxb5 a6 21. Bc4 Qg6 22. Bd5 Rad8 23. Bf4 Rxd5 24. Rxd5 Rg8 25. Bg3
Nd8 26. Qf5 Qf7 $2 27. Rd4 Ne6 28. Ne5 $1 1-0

[Event "83rd ESP-ch Women-ch 2018"]
[Site "Linares"]
[Date "2018.08.28"]
[Round "9"]
[White "Lopez Varela, Pablo"]
[Black "Ayats Llobera, Gerard"]
[Result "0-1"]
[WhiteElo "2100"]
[BlackElo "2345"]
[TimeControl "40/5400+30:1800+30"]
[Annotator "RC"]
[EventDate "2018.08.09"]
[PlyCount "78"]
[EventType "tourn"]
[EventCountry "ESP"]

1. e4 Nf6 2. e5 Nd5 3. d4 d6 4. c4 Nb6 5. exd6 cxd6 6. Nc3 g6 7. Be3 Bg7 8.
Rc1 O-O 9. b3 e6 10. Nge2 Nc6 11. g3 d5 12. c5 Nd7 13. Bg2 b6 14. Na4 bxc5
15. Nxc5 Nxc5 16. Rxc5 Qb6 17. O-O Ba6 18. Re1 Nb4 19. Nc1 Rfc8 20. a3 Nc6
21. b4 Bc4 22. Bf1 Bxf1 23. Rxf1 a5 24. Qc2 axb4 25. axb4 Bf8 26. Nd3 Bxc5
27. dxc5 Qb5 28. Rb1 Ra3 29. Ne1 d4 30. Bh6 Ne7 31. g4 Rh3 32. Bf4 d3 33.
Qd2 Rxc5 34. Bd6 Rc4 35. f3 Nd5 36. Kg2 Rxf3 37. Kxf3 Qc6 38. Be5 Nf6+ 39.
Kg3 Ne4+ 0-1

[Event "83rd ESP-ch Women-ch 2018"]
[Site "Linares"]
[Date "2018.08.28"]
[Round "9"]
[White "Jimenez de la Torre, Jose Antonio"]
[Black "Galiana Fernandez, Adrian"]
[Result "0-1"]
[WhiteElo "2076"]
[BlackElo "2291"]
[TimeControl "40/5400+30:1800+30"]
[Annotator "NA RC"]
[EventDate "2018.08.09"]
[PlyCount "70"]
[EventType "tourn"]
[EventCountry "ESP"]

1. e4 e5 2. Bc4 Nf6 3. d4 exd4 4. Nf3 Nxe4 5. Qxd4 Nf6 6. Bg5 Be7 7. Nc3 c6
8. O-O-O O-O 9. Rhe1 d5 10. Bd3 h6 11. Qh4 hxg5 12. Nxg5 Re8 $146 13. Re3
Bc5 14. Bh7+ Kf8 15. Rf3 Bg4 $2 16. Qxg4 $1 Re5 17. Qh4 Nbd7 18. Bf5 $1 Ke7
19. Bxd7 $1 Qxd7 20. Nge4 $1 g5 21. Nxg5 Qg4 22. Qxg4 Nxg4 23. Nxf7 Re6 24.
Ng5 Re5 25. Nh3 Rh8 26. Rf4 Nxf2 27. Rxf2 Rxh3 28. gxh3 Bxf2 29. Rf1 Bh4
30. Kd1 Re3 31. Rg1 Kf6 32. Rf1+ Ke7 $11 33. Rg1 Kf7 34. Rf1+ Bf6 35. h4
Rh3 0-1

[Event "83rd ESP-ch Women-ch 2018"]
[Site "Linares"]
[Date "2018.08.28"]
[Round "9"]
[White "Perez Perez, Gabriel"]
[Black "Blazquez Gomez, Juan Carlos"]
[Result "1/2-1/2"]
[WhiteElo "2058"]
[BlackElo "2240"]
[TimeControl "40/5400+30:1800+30"]
[Annotator "RC"]
[EventDate "2018.08.09"]
[PlyCount "87"]
[EventType "tourn"]
[EventCountry "ESP"]

1. e4 g6 2. d4 Bg7 3. Nc3 c6 4. f4 d6 5. Nf3 Nf6 6. e5 Nd5 7. Nxd5 cxd5 8.
Bd3 Nc6 9. O-O Nb4 10. Bb5+ Bd7 11. Qe2 O-O 12. c3 Nc6 13. Bd3 Qb8 14. Ng5
h6 15. Nf3 Bg4 16. e6 Bxe6 17. Bxg6 Qc8 18. Bd3 Bf5 19. Nh4 Bxd3 20. Qxd3
f5 21. Bd2 Qd7 22. b4 Rae8 23. a4 Rf7 24. a5 e6 25. b5 Ne7 26. Rae1 Bf6 27.
Nf3 Kh8 28. Kh1 Ng8 29. c4 dxc4 30. Qxc4 d5 31. Qe2 Bg7 32. Ne5 Bxe5 33.
fxe5 Rg7 34. Rf4 Rc8 35. Rh4 Rg6 36. h3 Qe7 37. Qh5 Kg7 38. g4 Rf8 39. g5
Qa3 40. gxh6+ Kh7 41. Re3 Qa1+ 42. Re1 Qb2 43. Qe2 Rc8 44. Qd3 1/2-1/2

[Event "83rd ESP-ch Women-ch 2018"]
[Site "Linares"]
[Date "2018.08.28"]
[Round "9"]
[White "Cruz Ramirez, Nauzet"]
[Black "Alvarez Fernandez, Enrique"]
[Result "0-1"]
[WhiteElo "2037"]
[BlackElo "2324"]
[TimeControl "40/5400+30:1800+30"]
[Annotator "NA RC"]
[EventDate "2018.08.09"]
[PlyCount "116"]
[EventType "tourn"]
[EventCountry "ESP"]

1. Nf3 d5 2. g3 c6 3. Bg2 Nf6 4. O-O Bf5 5. d4 e6 6. b3 Nbd7 7. Bb2 Be7 8.
Nbd2 Ne4 9. Nxe4 Bxe4 10. Nd2 Bxg2 11. Kxg2 O-O 12. e4 dxe4 13. Nxe4 Nf6
14. Qe2 Nxe4 15. Qxe4 Bf6 $146 16. Rfd1 Qa5 17. Rd3 Rfd8 18. a4 Rd7 19.
Rad1 Rad8 20. Ba3 Qd5 21. Kf3 Qh5+ 22. Kg2 Qa5 23. Bc5 Rd5 24. c3 R5d7 25.
Kf3 g6 26. h4 Bg7 27. Kg2 Qc7 28. c4 h5 29. Ba3 Qa5 30. Bc1 Bf6 31. Be3 Kg7
32. Qf3 Qf5 33. Qxf5 gxf5 34. Kf3 e5 35. Ke2 exd4 36. Kf3 c5 37. Bf4 Re8
38. a5 Re6 39. Rb1 Ra6 40. Bd2 Bd8 41. Re1 Bxa5 42. Bxa5 Rxa5 43. Re5 f6
44. Rxf5 Kg6 45. g4 $1 hxg4+ 46. Kxg4 b6 47. h5+ Kf7 $1 48. Rff3 $2 Ra1 49.
Rh3 Rg1+ 50. Kf4 Rg5 51. Ke4 Re7+ $19 52. Kf4 Kg7 53. b4 cxb4 54. Rxd4 Rc7
55. h6+ Kh7 56. Ke4 a5 57. Kd3 b5 58. f4 Rgc5 0-1

[Event "83rd ESP-ch Women-ch 2018"]
[Site "Linares"]
[Date "2018.08.28"]
[Round "9"]
[White "Nunez, Daniela Alejandra"]
[Black "Merario Alarcon, Andres"]
[Result "0-1"]
[WhiteElo "2021"]
[BlackElo "2406"]
[Annotator "TA"]
[EventDate "2018.08.09"]
[PlyCount "66"]
[EventType "tourn"]
[EventCountry "ESP"]

1. e4 e5 2. Nf3 Nc6 3. Bc4 Nf6 4. d3 Bc5 5. c3 d6 6. O-O h6 7. Bb3 O-O 8.
h3 a5 9. Re1 Re8 10. Nbd2 Be6 11. Ba4 Qb8 12. Nf1 $146 b5 13. Bc2 Qa7 14.
Qe2 d5 15. Nh4 d4 16. Ng3 Kh7 17. Qf3 Bf8 18. Nhf5 Ng8 19. Ne2 g6 20. Nfg3
a4 21. cxd4 Nxd4 22. Nxd4 Qxd4 23. Ne2 Qb4 24. Rd1 Bg7 25. a3 Qd6 26. d4 $2
exd4 $19 27. Bf4 Qd7 28. Qg3 c5 29. Bd6 Rac8 30. e5 Ne7 31. Nf4 $2 Bf5 32.
Rac1 Bxc2 33. Rxc2 Nf5 0-1

[Event "83rd ESP-ch Women-ch 2018"]
[Site "Linares"]
[Date "2018.08.28"]
[Round "9"]
[White "Pablos Tenrero, Raquel"]
[Black "Diaz Castro, Sergio"]
[Result "0-1"]
[WhiteElo "2015"]
[BlackElo "2289"]
[TimeControl "40/5400+30:1800+30"]
[Annotator "RC"]
[EventDate "2018.08.09"]
[PlyCount "70"]
[EventType "tourn"]
[EventCountry "ESP"]

1. d4 d6 2. e4 g6 3. Nc3 Bg7 4. f4 a6 5. Nf3 b5 6. e5 Nd7 7. Ne4 Bb7 8. Bd3
Nh6 9. Nfg5 Nb6 10. c3 Qc8 11. O-O f6 12. exf6 exf6 13. Nxh7 Rxh7 14. Nxd6+
cxd6 15. Bxg6+ Kf8 16. Bxh7 f5 17. Re1 Be4 18. Bg6 Qc6 19. Qe2 Nd5 20. Bd2
Ng4 21. Bh5 Ndf6 22. Bxg4 fxg4 23. Qf2 Bf5 24. Rad1 Kf7 25. d5 Nxd5 26. Be3
Nxe3 27. Rxe3 Bf6 28. Qe2 d5 29. h3 gxh3 30. Qh5+ Bg6 31. Qxh3 d4 32. Rg3
Rh8 33. Rxg6 Rxh3 34. Rxf6+ Qxf6 35. gxh3 dxc3 0-1

[Event "83rd ESP-ch Women-ch 2018"]
[Site "Linares"]
[Date "2018.08.28"]
[Round "9"]
[White "Sosa Suarez, Carla Cristina"]
[Black "Gomez Ligero, Sergio"]
[Result "1/2-1/2"]
[WhiteElo "2006"]
[BlackElo "1826"]
[TimeControl "40/5400+30:1800+30"]
[Annotator "NA"]
[EventDate "2018.08.09"]
[PlyCount "91"]
[EventType "tourn"]
[EventCountry "ESP"]

1. e4 c5 2. Nf3 d6 3. d4 cxd4 4. Nxd4 Nf6 5. Nc3 g6 6. Bc4 Bg7 7. O-O O-O
8. Re1 Nc6 9. Nb3 a6 10. a4 Na5 11. Nxa5 Qxa5 12. Nd5 Nxd5 13. exd5 Bg4
$146 14. Be2 Bd7 15. c3 b5 16. Bg5 f6 17. axb5 Qc7 18. Be3 axb5 19. Qb3 Qb7
20. Bd4 Rxa1 21. Rxa1 Ra8 22. Re1 Qa6 23. h4 Bf8 24. Qc2 Qa4 25. Qd2 Qa2
26. h5 Ra4 27. Bf3 Qc4 28. Be4 $16 f5 29. Bf3 Qc8 30. hxg6 hxg6 31. Qg5 Qe8
32. g3 Qf7 33. Kg2 Ra2 34. Qh4 Qh7 35. Qxh7+ Kxh7 36. Re2 Kg8 37. Rd2 Bh6
38. Rc2 Ra4 39. Be2 f4 40. Bd3 Kf7 41. gxf4 Bxf4 42. Kf3 Bg5 43. Kg3 Ra1
44. f4 Bf6 45. Bxf6 Kxf6 46. Re2 1/2-1/2

[Event "83rd ESP-ch Women-ch 2018"]
[Site "Linares"]
[Date "2018.08.28"]
[Round "9"]
[White "Blazquez Gomez, Miguel"]
[Black "Rascon Jato, Daniel"]
[Result "1-0"]
[WhiteElo "1998"]
[BlackElo "1849"]
[TimeControl "40/5400+30:1800+30"]
[Annotator "NA RC"]
[EventDate "2018.08.09"]
[PlyCount "91"]
[EventType "tourn"]
[EventCountry "ESP"]

1. b3 e5 2. Bb2 f6 3. e4 d6 4. Bc4 Ne7 5. Nf3 Nbc6 6. h3 Na5 7. Be2 c5 8.
c3 Nac6 9. d4 $1 Qc7 10. O-O g6 11. Na3 a6 12. Nc4 Ng8 13. a4 Nh6 14. a5
Rb8 15. b4 Nf7 16. d5 Na7 17. Nb6 Be7 18. Nd2 O-O 19. bxc5 Qxc5 20. Ba3 Qc7
21. c4 Bd7 22. Rc1 Nc8 23. Nxd7 Qxd7 24. Nb3 Na7 25. Qd3 b5 26. axb6 Rxb6
27. c5 dxc5 28. Bxc5 Bxc5 29. Nxc5 Qd6 30. Nxa6 Nb5 31. Rc6 Rxc6 32. dxc6
Nd4 33. Rc1 Nd8 34. c7 N8c6 35. Qc4+ Kg7 36. Bg4 f5 37. exf5 gxf5 38. Bxf5
Qa3 39. Kh2 Qb2 40. Rc3 Qxf2 41. Rg3+ Kf6 42. c8=Q Rxc8 43. Bxc8 Qf4 44.
Qg8 $18 Ke7 45. Qxh7+ Kd6 46. Qd7# 1-0

[Event "83rd ESP-ch Women-ch 2018"]
[Site "Linares"]
[Date "2018.08.28"]
[Round "9"]
[White "Diaz Rodriguez, Jose Antonio"]
[Black "De la Pena Garcia, Blanca"]
[Result "0-1"]
[WhiteElo "1991"]
[BlackElo "1811"]
[TimeControl "40/5400+30:1800+30"]
[Annotator "NA RC"]
[EventDate "2018.08.09"]
[PlyCount "52"]
[EventType "tourn"]
[EventCountry "ESP"]

1. e4 c5 2. Nf3 d6 3. c3 Nf6 4. h3 g6 5. Bc4 Bg7 6. O-O O-O 7. Qe2 Nc6 8.
a4 $146 a6 9. Re1 Nd7 10. Na3 b6 11. Nc2 Bb7 12. d4 cxd4 13. cxd4 e5 14.
Bd5 Nxd4 15. Nfxd4 Bxd5 16. exd5 exd4 17. Nb4 Nc5 18. Bf4 Qf6 19. Bg3 a5
20. Nc6 d3 21. Qd1 Rfe8 22. Rxe8+ Rxe8 23. Rb1 Bh6 24. b4 axb4 $19 25. Nxb4
d2 26. Nc2 Nxa4 0-1

[Event "83rd ESP-ch Women-ch 2018"]
[Site "Linares"]
[Date "2018.08.28"]
[Round "9"]
[White "Gonzalez Garcia, Francisco"]
[Black "Garcia Romero, Benjamin Abel"]
[Result "0-1"]
[WhiteElo "1972"]
[BlackElo "2230"]
[TimeControl "40/5400+30:1800+30"]
[Annotator "RC"]
[EventDate "2018.08.09"]
[PlyCount "78"]
[EventType "tourn"]
[EventCountry "ESP"]

1. e4 c5 2. Nf3 a6 3. Nc3 e6 4. d4 cxd4 5. Nxd4 Qc7 6. g3 Nf6 7. Bg2 Nc6 8.
Nde2 Bc5 9. O-O Ne5 10. Nf4 Ba7 11. Nd3 d6 12. Nxe5 dxe5 13. Bg5 Nd7 14.
Kh1 b5 15. a3 Bb7 16. Qe2 Bd4 17. Nd1 Bc6 18. c3 Ba7 19. Be3 O-O 20. Bxa7
Qxa7 21. Qe3 Rfd8 22. Qxa7 Rxa7 23. Ne3 Nc5 24. f3 Rad7 25. Kg1 Na4 26.
Rab1 Rd3 27. Rfd1 Nxb2 28. Rxb2 Rxd1+ 29. Nxd1 Rxd1+ 30. Kf2 g5 31. Bf1 Rc1
32. Rb3 Kf8 33. c4 bxc4 34. Rb6 Bb5 35. a4 Bxa4 36. Rxa6 Bb3 37. Ra7 c3 38.
Rc7 c2 39. Bd3 Rh1 0-1

[Event "83rd ESP-ch Women-ch 2018"]
[Site "Linares"]
[Date "2018.08.28"]
[Round "9"]
[White "Antunez Munoz, Ines"]
[Black "Arroyo Rodriguez, Jesus"]
[Result "0-1"]
[WhiteElo "1956"]
[BlackElo "2099"]
[TimeControl "40/5400+30:1800+30"]
[Annotator "NA RC"]
[EventDate "2018.08.09"]
[PlyCount "112"]
[EventType "tourn"]
[EventCountry "ESP"]

1. e4 c5 2. Nf3 Nc6 3. Bb5 g6 4. O-O Bg7 5. Bxc6 dxc6 6. d3 Nf6 7. Nc3 O-O
8. Bg5 h6 9. Be3 b6 10. h3 Qc7 $146 11. Qd2 g5 12. Ne2 Rd8 13. Ng3 c4 14.
d4 c5 15. c3 Qb7 16. Qc2 g4 17. hxg4 Nxg4 18. Rad1 Nxe3 19. fxe3 Bg4 20.
Qf2 e6 21. Rd2 f5 22. Nh2 Rf8 23. Qf4 h5 24. Nxg4 fxg4 25. Qg5 cxd4 26.
exd4 Rxf1+ 27. Kxf1 Rf8+ 28. Rf2 Rxf2+ 29. Kxf2 Qf7+ 30. Ke2 h4 31. Qxh4
Qg6 32. Qh5 Kf7 33. Qb5 Bh6 34. Qd7+ Kg8 35. Qc8+ Kf7 36. Qc7+ Kg8 37. Qxc4
Bf4 38. Qc8+ Kg7 39. Qd7+ Kh6 40. Nf1 Qxe4+ 41. Kd1 Qb1+ 42. Ke2 Qxb2+ 43.
Kd1 Qc1+ 44. Ke2 Qc2+ 45. Ke1 Qxc3+ 46. Kd1 Qa1+ 47. Ke2 Qxa2+ 48. Ke1 g3
49. Qb5 Qa5+ 50. Qxa5 bxa5 51. Ke2 Kg5 52. Kd3 Kf5 53. Kc4 Ke4 54. Kc3 a4
55. Kb4 Kxd4 56. Kxa4 Kd3 0-1

[Event "83rd ESP-ch Women-ch 2018"]
[Site "Linares"]
[Date "2018.08.28"]
[Round "9"]
[White "Alvarez Morales, Miguel"]
[Black "Alvarez Serrano, Carlos"]
[Result "1-0"]
[WhiteElo "1955"]
[BlackElo "2225"]
[Annotator "TA"]
[EventDate "2018.08.09"]
[PlyCount "22"]
[EventType "tourn"]
[EventCountry "ESP"]

1. c4 e5 $146 2. d3 Nf6 3. Nf3 Nc6 4. g3 Bb4+ 5. Nbd2 a5 6. Bg2 O-O 7. O-O
Re8 8. a3 Bc5 9. b3 d5 10. cxd5 Nxd5 11. Bb2 Bg4 1-0